Environmental Science (Record no. 594609)

MARC details
000 -LEADER
fixed length control field 00377nam a2200145Ia 4500
008 - FIXED-LENGTH DATA ELEMENTS--GENERAL INFORMATION
fixed length control field 100415s9999 xx 000 0 und d
082 ## - DEWEY DECIMAL CLASSIFICATION NUMBER
Item number 11687
Classification number 574
100 ## - MAIN ENTRY--PERSONAL NAME
Personal name Arms Karen
245 ## - TITLE STATEMENT
Title Environmental Science
260 ## - PUBLICATION, DISTRIBUTION, ETC. (IMPRINT)
Place of publication, distribution, etc CHICAGO
Date of publication, distribution, etc 1990
Name of publisher, distributor, etc SAUNDERS COLLEGE PUBLISHING
365 ## - TRADE PRICE
Price amount 0
630 ## - SUBJECT ADDED ENTRY--UNIFORM TITLE
Uniform title Environmental Science
730 ## - ADDED ENTRY--UNIFORM TITLE
Uniform title Environmental Science
942 ## - ADDED ENTRY ELEMENTS (KOHA)
Koha item type Book
Holdings
Withdrawn status Lost status Damaged status Not for loan Home library Current library Date acquired Cost, normal purchase price Total Checkouts Full call number Barcode Date last seen Price effective from Koha item type
        Bombay Natural History Society Bombay Natural History Society 09/09/1997 0.00   574 11687 BNHS-11687 04/15/2010 04/15/2010 Book